000
00353nam a2200181Ia 4500
001
11552
003
GE_BSU
008
181216s||||||||xx |||||||||||||| ||und||
040
_c
GE_BSU
100
_a
Steel,Danielle
245
_a
Daddy
260
_a
London
260
_b
BCA
260
_c
1991
300
_a
314p;21cm.
653
_a
Daddy
942
_c
BK
999
_c
44747
_d
44747